00330nam a22001217a 4500020001800000082001600018100003000034245003400064260003000098300002500128650003000153700002500183 a9781886529106 a519.703 BER a Bertsekas, Dimitri P. a Neuro-dynamic programming aUSAbAthena Sciencec1996 axiii, 491p. :e24 cm aMathematical optimization aDimitri P. Bertsekas